| 000 | 00600nam a22002057a 4500 | ||
|---|---|---|---|
| 003 | OSt | ||
| 005 | 20140310182349.0 | ||
| 008 | 130928t xxu||||| |||| 00| 0 eng d | ||
| 020 | _a0070516405 | ||
| 050 |
_aQ 164 _b.W68 1995 |
||
| 082 |
_aGS 507. 8 _bW85 |
||
| 100 |
_aWood, Robert W. _921854 |
||
| 245 |
_aWhen ? : _b Experiments of the young scientist. / _cRobert W. Wood |
||
| 260 |
_aNew york : _b Tab books, _c1995. |
||
| 300 |
_a133 p. _b ill. ; _c24 cm. |
||
| 650 |
_aScience _xExpirements _922085 |
||
| 650 |
_aExperiments _xI. Hoeft, steve _922086 |
||
| 942 |
_2lcc _cBK-GS |
||
| 999 |
_c12304 _d12304 |
||